The mortal instruments: (Record no. 362788)
[ view plain ]
| 000 -LEADER | |
|---|---|
| fixed length control field | 00559nam a2200193Ia 4500 |
| 003 - CONTROL NUMBER IDENTIFIER | |
| control field | 0 |
| 005 - DATE AND TIME OF LATEST TRANSACTION | |
| control field | 20250819111048.0 |
| 008 - FIXED-LENGTH DATA ELEMENTS--GENERAL INFORMATION | |
| fixed length control field | 191129s9999 xx 000 0 und d |
| 020 ## - INTERNATIONAL STANDARD BOOK NUMBER | |
| International Standard Book Number | 9781416955078 |
| 050 ## - LIBRARY OF CONGRESS CALL NUMBER | |
| Classification number | PZ 7 |
| Item number | .C5265Cit 2007 |
| 100 ## - MAIN ENTRY--PERSONAL NAME | |
| Personal name | Clare, Cassandra |
| 245 ## - TITLE STATEMENT | |
| Statement of responsibility, etc | Cassandra Clare |
| Title | The mortal instruments: |
| Remainder of title | city of bones / |
| 260 ## - PUBLICATION, DISTRIBUTION, ETC. (IMPRINT) | |
| Place of publication, distribution, etc | New York : |
| Name of publisher, distributor, etc | Margaret K. McElderry Books, |
| Date of publication, distribution, etc | 2007. |
| 300 ## - PHYSICAL DESCRIPTION | |
| Extent | 485 pages ; |
| Dimensions | 21 cm. |
| 650 ## - SUBJECT ADDED ENTRY--TOPICAL TERM | |
| Topical term or geographic name as entry element | Demonology |
| General subdivision | Fiction. |
| 650 ## - SUBJECT ADDED ENTRY--TOPICAL TERM | |
| Topical term or geographic name as entry element | Supernatural |
| General subdivision | Fiction. |
| 650 ## - SUBJECT ADDED ENTRY--TOPICAL TERM | |
| Topical term or geographic name as entry element | Horror stories. |
| 942 ## - ADDED ENTRY ELEMENTS (KOHA) | |
| Source of classification or shelving scheme | Library of Congress Classification |
| Koha item type | Books |
| Withdrawn status | Lost status | Source of classification or shelving scheme | Damaged status | Home library | Current library | Shelving location | Date acquired | Source of acquisition | Total Checkouts | Total Renewals | Full call number | Barcode | Checked out | Date last seen | Date checked out | Price effective from | Koha item type | Public note |
|---|---|---|---|---|---|---|---|---|---|---|---|---|---|---|---|---|---|---|
| Library of Congress Classification | Luxembourg Library | Luxembourg Library | Fiction Section | 11/29/2019 | Donation | 1 | 2 | PZ 7.C5265Cit 2007 | 20830 | 05/16/2020 | 02/28/2020 | 02/28/2020 | 11/29/2019 | Books | Donated by Cedrik Cid | |||
| Library of Congress Classification | Luxembourg Library | Luxembourg Library | Fiction Section | 05/05/2025 | Donation | PZ 7 .C5265Cit 2007 | 18973 | 08/19/2025 | 08/19/2025 | Books | Book Replacement of Ryo Hamada |